| 000 | 00620cam a22002291 4500 | ||
|---|---|---|---|
| 001 | g 01002259 | ||
| 003 | DLC | ||
| 005 | 20260227111257.0 | ||
| 008 | 850517s1898 gw 000 0 ger | ||
| 010 | _ag 01002259 | ||
| 035 | _a(OCoLC)12045757 | ||
| 040 |
_aDLC _cCSdS _dDLC |
||
| 042 | _apremarc | ||
| 050 | 0 | 0 |
_aPF5519.F7 _bF8 |
| 100 | 1 |
_aFrank, Julius, _d1870- |
|
| 245 | 1 | 4 | _aDie Frankenhäuser mundart ... |
| 260 |
_aHalle a.S., _bDruck von E. Karras, _c1898. |
||
| 300 |
_a65 p., 1 l. _c22 cm. |
||
| 502 | _aInaug-diss.--Leipzig. | ||
| 500 | _aVita. | ||
| 650 | 0 |
_aGerman language _xDialects _xFrankenhausen. |
|
| 999 |
_c23938 _d23938 |
||